00481 a2200169 450000500170000001000140001702000230003103500130005403700150006708200120008210000210009424500760011526000420019127000290023330000310026250000180029320080826111730.0 aENG-96494 c215.00a8175262974 aEN-80027 bDBAD / PUB a394.26  a Mukundcharandas aHindu festivalscby Sadhu Mukundcharandasborigin, sentiments & rituals aAmdavadbSwaminarayan Aksharpithcn.d aShahibaug,bAmdavad - 4. a308p.c25cm (Hb )ephotos aincldes index